000 00598cam a22002171 4500
001 ne 68003943
003 DLC
005 20260227111848.0
008 860203s1968 ua 000 0barar
010 _ane 68003943
020 _c£E0.40
035 _a(OCoLC)13098832
040 _aDLC
_cTxU
_dTxU
_dDLC
042 _apremarc
050 0 0 _aDS238.U5
_bS45
100 1 _aShalabī, Maḥmūd.
245 1 0 _aḤayāt ʻUmar
_b[taʼlīf] Maḥmūd Shalabī.
260 _aMiṣr,
_bMaktabat al-Qāhirah
_c[1968]
300 _a413 p.
_c24 cm.
600 0 0 _aʻUmar ibn al-Khaṭṭāb,
_cCaliph,
_d-644.
999 _c50890
_d50890